Statistics for Countries with Wild Bears

Click here to take the quiz!

General Stats

  • This quiz has been taken 126 times
  • The average score is 55 of 68

Answer Stats

CountryBears% Correct
CanadaBrown, Polar, American Black
99%
ChinaBrown, Asian Black, Sun, Panda
99%
RussiaBrown, Polar, Asian Black
99%
United StatesBrown, Polar, American Black
98%
MexicoAmerican Black
96%
SwedenBrown
95%
FinlandBrown
94%
FranceBrown
94%
IndiaBrown, Asian Black, Sun, Sloth
94%
NorwayBrown, Polar
94%
ItalyBrown
93%
TurkeyBrown
93%
RomaniaBrown
90%
SpainBrown
90%
UkraineBrown
90%
IranBrown, Asian Black
89%
BulgariaBrown
88%
IndonesiaSun
88%
ThailandAsian Black, Sun
88%
VietnamAsian Black, Sun
88%
KazakhstanBrown
86%
CroatiaBrown
85%
IraqBrown
84%
JapanBrown
84%
PakistanBrown, Asian Black
84%
MalaysiaSun
83%
AfghanistanBrown, Asian Black
81%
CambodiaAsian Black, Sun
81%
EstoniaBrown
81%
GreeceBrown
81%
Greenland (Denmark)Polar
81%
LaosAsian Black, Sun
81%
NepalBrown, Asian Black, Sloth
81%
ArmeniaBrown
80%
AustriaBrown
80%
GeorgiaBrown
80%
MongoliaBrown
80%
BelarusBrown
79%
LatviaBrown
79%
North KoreaBrown, Asian Black
79%
PeruSpectacled
79%
AlbaniaBrown
78%
AzerbaijanBrown
78%
MyanmarAsian Black, Sun
78%
SerbiaBrown
78%
SloveniaBrown
78%
UzbekistanBrown
78%
BhutanBrown, Asian Black
76%
KyrgyzstanBrown
76%
MontenegroBrown
76%
TajikistanBrown
76%
ColombiaSpectacled
75%
TurkmenistanBrown
75%
ArgentinaSpectacled
74%
Bosnia and HerzegovinaBrown
74%
BoliviaSpectacled
73%
KosovoBrown
73%
North MacedoniaBrown
71%
CzechiaBrown
70%
SlovakiaBrown
70%
EcuadorSpectacled
69%
VenezuelaSpectacled
69%
BangladeshAsian Black, Sun, Sloth
68%
IcelandPolar
66%
BruneiSun
59%
Sri LankaSloth
59%
AndorraBrown
54%
TaiwanAsian Black
50%

Score Distribution

Percentile by Number Answered

Percent of People with Each Score

Your Score History

You have not taken this quiz